000 00331nam a2200133Ia 4500
008 220204s9999 xx 000 0 und d
082 _a003
_bPEA;1
245 0 _aPears encyclopedia. 1977-78
250 _aEd.58,86
260 _aGreat Britain
_bRichard Clay
_c1977
700 _aChristopher
700 _aCook, Mary Li
942 _cBK
999 _c20221
_d20221